000 00271nam a2200109Ia 4500
008 200302s9999 xx 000 0 und d
100 _aWillam Mc Donough and Michael braungart
245 _aCradle to cradle
260 _bNorth point press
260 _c2002
300 _a193
999 _c6795
_d6795